000 00531nam a2200169 4500
001 136664
003 ES-MaACL
005 20230906195209.0
007 t|
008 070214s1966 sp r ||||1| spa d
100 1 _aSala Balust, Luis.
_9101657
245 1 3 _aLa formación sacerdotal en la Iglesia /
_cLuis Sala Balust, Francisco Martín Hernández.
260 _aBarcelona :
_bJuan Flors,
_c1966.
300 _aXVI, 250 p. ;
_c23 cm.
700 1 _aMartín Hernández, Francisco.
_977523
852 _aES-MaACL
_jC-29754
_bR.60183
999 _c136664
_d136664